00780 2200289 4500001002100000005001500021035002500036008004100061020002200102040001700124082001400141084001600155090002000171090002200191100001000213245005000223250001100273260003600284300003100320500003100351650001500382850001200397007000300409504003400412999002200446990002200468INLIS00000000000364620200520121057 a0010-041500000000712150409s2014 yoi g ind d a978-602-262-272-7 aYOPDYOGbind04222a332.1 a332.1 NAF p aDEP 332.1 NAF p aCB-D.11 2014-12300 aNafan00aPembiayaan musyarakah dan mudharabah /cNafan aCet. 13 aYogyakarta :bGraha Ilmu,c2014 aXIII, 183 halaman ;c23 cm aBibliografi : hlm. 179-183 4aBank islam aYOPDYOGta aBibliografi : halaman 179-183 aCB-D.11/2014-1230 aCB-D.11/2014-1230